00684nam a2200241 a 4500001001300000003000900013005001700022008004100039020001000080082001600090100001500106245004600121260003100167300000900198500003500207505001000242650002600252700001500278902000800293942000700301952011700308999001700425nice12345678IN_TiNIC20260116014642.0080110s2008 dela grp 000 0 eng  ac49500a303.66bSAR aSarma, P V aGandhian Philosophy and Human Development aDelhibKanishka Pub.c2008 a210p aincludes index and biblioraphy2 aIndex aGandhi M K-Philosophy1 aSarma, P V bSRS cBK 001040708StackRoom-aHMIbHMId2009-11-06g495.00l0o303.66 SARp022238r2009-11-06v495.00w2008-01-10yBK c16367d16367